000
00275nam a22001217a 4500
008
180220b xxu||||| |||| 00| 0 eng d
041
_a
eng
080
_a
32
100
_a
23
101
_a
POL
245
_a
CAPITALISM SOURCES OF HOSTILITY
_c
ERNEST.V.D.H
942
_2
udc
_c
BK
999
_c
42952
_d
42952